000 00466nam a2200157 i 4500
001 33258
003 ES-MaACL
007 t|
008 030201s1947 ag ||||1| swe d
100 1 _aBie, Oskar.
_928794
245 1 0 _aHistoria universal de la ópera /
_cOscar Bie ; [traducción, Santiago Sánchez Calvete].
250 _a1ª ed.
260 _aBuenos Aires :
_bCenturión,
_c[1947]
300 _a446 p. :
_bil. ;
_c29 cm.
852 _aES-MaACL
_jB-1768
_bR.27074
999 _c33258
_d33258